000 00772nam a22002535a 4500
005 20201128024025.0
008 161129t2009 maua frbd 001 0 eng d
020 _a9780071280853
020 _a0071280855
040 _aEG-ScBUE
_beng
_cEG-ScBUE
_dEG-ScBUE
082 0 4 _222
_a330.973
_bSLA
100 1 _920594
_aSlavin, Stephen L.
245 1 0 _aEconomics /
_cStephen L. Slavin.
250 _a9th ed., McGraw-Hill international ed.
260 _aBoston :
_bMcGraw-Hill / Irwin,
_cc.2009.
300 _axxiii, 853 p. :
_bill. ;
_c28 cm.
500 _aGlossary : p. 811-819.
500 _aIndex : p. 822-853.
504 _aIncludes bibliographical references.
650 7 _2BUEsh
_9720
_aEconomics.
651 _2BUEsh
653 _bBUSECO
_cNovember2016
942 _2ddc
999 _c23387
_d23359